| 000 | 00414nab a2200145Ia 4500 | ||
|---|---|---|---|
| 003 | ES-SlBCS | ||
| 005 | 20210601131736.0 | ||
| 008 | 140529s1947 xxu||||| |||| 00| 0 fre d | ||
| 041 | _afre | ||
| 100 | 1 |
_aBrelivet, Michel _9188478 |
|
| 245 | 0 | 0 |
_aPour sortir de l'impasse _c Michel Brelivet |
| 651 | 4 |
_aFrancia-Vietnam _9188292 |
|
| 773 | 0 |
_tVie Intelectuelle (La) _gnº. 7, 1947, págs. 70-75 _wRev907 |
|
| 942 | _cAR | ||
| 999 |
_c568017 _d568017 |
||